LEADER 00839nam0-22002771i-450- 001 990001681940403321 005 20051011111116.0 035 $a000168194 035 $aFED01000168194 035 $a(Aleph)000168194FED01 035 $a000168194 100 $a20030910d1929----km-y0itay50------ba 101 0 $aspa 200 1 $aMicoflora Domingensis$elista de los hongos hasta la fecha indicados en Santo Domingo$fRaffaele Ciferri 210 $aSanto Domingo$cEstacion Agronomica de Moca$d1929 215 $a260 p.$d25 cm 610 0 $aSuolo$aMicrobiologia 676 $a631.46 700 1$aCiferri,$bRaffaele$f<1897-1964>$0300626 801 0$aIT$bUNINA$gRICA$2UNIMARC 901 $aBK 912 $a990001681940403321 952 $a60 631.46 B 3$b17714$fFAGBC 959 $aFAGBC 996 $aMicoflora Domingensis$9371593 997 $aUNINA LEADER 01766nam 2200577 a 450 001 9910450093303321 005 20200520144314.0 010 $a1-280-11165-8 010 $a9786610111657 010 $a0-203-98108-1 035 $a(CKB)1000000000007113 035 $a(OCoLC)179131831 035 $a(CaPaEBR)ebrary2003970 035 $a(SSID)ssj0000242454 035 $a(PQKBManifestationID)11194788 035 $a(PQKBTitleCode)TC0000242454 035 $a(PQKBWorkID)10300942 035 $a(PQKB)11734069 035 $a(MiAaPQ)EBC3060219 035 $a(Au-PeEL)EBL3060219 035 $a(CaPaEBR)ebr2003970 035 $a(OCoLC)927465294 035 $a(EXLCZ)991000000000007113 100 $a19980505d1998 uy 0 101 0 $aeng 135 $aurcn||||||||| 181 $ctxt 182 $cc 183 $acr 200 10$aScotland and nationalism$b[electronic resource] $eScottish society and politics, 1707 to the present /$fChristopher Harvie 205 $a3rd ed. 210 $aLondon ;$aNew York $cRoutledge$d1998 215 $a1 online resource (304 p.) 300 $aBibliographic Level Mode of Issuance: Monograph 311 $a0-415-19524-1 311 $a0-415-19525-X 320 $aIncludes bibliographical references (p. 258-273) and index. 606 $aNationalism$zScotland$xHistory 607 $aScotland$xPolitics and government 607 $aScotland$xSocial conditions 608 $aElectronic books. 615 0$aNationalism$xHistory. 676 $a320.9411 700 $aHarvie$b Christopher$f1944-$0867388 801 0$bMiAaPQ 801 1$bMiAaPQ 801 2$bMiAaPQ 906 $aBOOK 912 $a9910450093303321 996 $aScotland and nationalism$91936089 997 $aUNINA